00477nam a22001577a 450000500170000000800410001702000180005804100120007608200150008810000120010324500790011525000180019426000520021230000290026465000260029320241205083858.0241205b |||||||| |||| 00| 0 eng d a9781485150879 aEnglish a340.1 MAL  lEnglish aIntroduction to Legislative Drafting / cR Malherbe, A Meyer and H Muller  aFirst Edition aCape Town: bJuta and Company (Pty) Ltd, c2024 bxv, 240 pages; c26 cm.  aLegal practice bLaw